000 00885nam a22002657a 4500
003 DO-SdBNP
005 20220930135725.0
007 ta
008 220930b2022 dr ||||| |||| 00| 0 spa d
020 _a9789945860306
040 _aDO-SdBNP
_bspa
_cBNPHU
082 4 _222
100 1 _aSilverio Delmonte, Regina
_913994
245 1 0 _aAliento a los enfermos /
_cRegina Silverio Delmonte, Rosario Estrella ; coautoras Teresita Guaba, Valerie Díaz ; prólogo Pablo Ariel López
260 _aSanto Domingo :
_bParroquia Corpus Christi,
_c2022.
300 _a99 p. ;
_c21 cm.
504 _aBibliografía : 97-99
590 _aInventariado, 2022/BT
700 1 _aEstrella, Rosario
_982461
700 1 _aDíaz, Valerie
_eco-autoras
_982462
700 1 _aGuaba, Teresita
_eco-autoras
_982463
700 1 _aLópez, Pablo Ariel,
_epról.
_982464
910 _aBtavárez
942 _2ddc
_cLBS1
999 _c52497
_d52497